000 00481nam a22001817a 4500
003 CEME
005 20210628204044.0
008 210106b xxu||||| |||| 00| 0 eng d
020 _a0966017676
040 _cceme
082 _a621.3822 SMI
100 _aSmith, Steven W
_968492
245 _aThe scientist and engineer's guide to digital signal processing
250 _a2ND
260 _aUSA
_bCALIFORNIA TECHNICAL PUBLISHING
_c1999
300 _aXIV, 650P
942 _cBK
_2ddc
999 _c576057
_d576057